000 00509nam a22001817a 4500
005 20251108164704.0
008 250721s1994 xx 000 0 ara d
082 1 4 _a415/خلف
100 1 _aخلف، عادل
_eمؤلف
245 1 0 _aنحو اللغة العربية /
264 1 _aالقاهرة :
_bمكتبة الآداب،
_c1994.
300 _a240ص
650 1 7 _aاللغة العربية
650 1 7 _aقواعد اللغة
650 1 7 _aعلم الصرف
942 _2ddc
_cBK
999 _c11906
_d11906